[Event "Kieler Open 2017-B"]
[Site "Kiel"]
[Date "2017.07.30"]
[Round "3.15"]
[White "Howe, Dietrich"]
[Black "van Foorest, Nanne"]
[Result "0-1"]
[WhiteElo "1508"]
[BlackElo "1244"]
[Annotator "MB"]
[PlyCount "44"]

1. e4 e5 2. Nf3 Nc6 3. Bc4 Nf6 4. d3 Be7 5. c3 d6 6. O-O Bg4 7. Nbd2 h5 8. h3
Be6 9. Bb3 d5 10. Ng5 Bc8 11. exd5 Nxd5 12. Nde4 f5 13. Qf3 Qd7 14. h4 fxe4 15.
Qf7+ Kd8 16. Bxd5 Rf8 17. Ne6+ Qxe6 18. Bxe6 Rxf7 {rest nicht mehr lesbar} 0-1

[Event "Kieler Open 2017-B"]
[Site "Kiel"]
[Date "2017.07.30"]
[Round "3.16"]
[White "Voges, Jens Christian"]
[Black "Müller, Bodo"]
[Result "0-1"]
[WhiteElo "1250"]
[BlackElo "1449"]
[Annotator "MB"]
[PlyCount "86"]

1. d4 d5 2. c4 c6 3. Nc3 Nf6 4. Nf3 Bf5 5. Bg5 e6 6. e3 Nbd7 7. c5 Be7 8. Bxf6
Bxf6 9. Bd3 Bxd3 10. Qxd3 e5 11. dxe5 Nxe5 12. Nxe5 Bxe5 13. b4 O-O 14. Rc1 Re8
15. O-O Qf6 16. Rfe1 Rad8 17. Qc2 Qh4 18. f4 Bb8 19. Qf2 Qf6 20. Qc2 Re7 21.
Re2 Red7 22. g3 g6 23. a3 Qg7 24. Kg2 f5 25. Rd1 Re8 26. Kf2 Bc7 27. Rdd2 Bd8
28. Rd1 Bf6 29. Rc1 Red8 30. Rd2 h5 31. h4 Qe7 32. Re1 Re8 33. Rde2 Qg7 34. Rc1
Rde7 35. Kf3 Re6 36. Qd2 Rd8 37. Qc2 Qd7 38. Rd1 Rde8 39. Rde1 R8e7 40. Qd2 Kf7
41. Qc2 Qe8 42. Qd2 Qh8 43. Qc2 Bxc3 0-1

[Event "Kieler Open 2017-B"]
[Site "Kiel"]
[Date "2017.07.30"]
[Round "3.17"]
[White "Rempe, Mieke"]
[Black "Stolzenwald, Frank"]
[Result "1-0"]
[WhiteElo "1393"]
[BlackElo "1448"]
[Annotator "MB"]
[PlyCount "139"]

1. e4 d6 2. d4 c6 3. Nf3 Bg4 4. h3 Bxf3 5. Qxf3 e6 6. Nc3 Qf6 7. Qd3 Nd7 8. Be3
d5 9. exd5 exd5 10. a3 Qg6 11. Qd2 Ngf6 12. Ne2 Ne4 13. Qd3 Bd6 14. Bf4 f5 15.
Bxd6 Qxd6 16. O-O-O Qh6+ 17. f4 O-O-O 18. Qe3 Rhe8 19. Rd3 Nc3 20. Qf3 Nxe2+
21. Bxe2 Re4 22. g3 g6 23. b3 Qf8 24. Kb2 Nb6 25. Qf2 Qf6 26. g4 Rde8 27. Bd1
fxg4 28. Bxg4+ Kb8 29. Rf1 Na8 30. f5 h5 31. Qg3+ Nc7 32. Bf3 Rxd4 33. Rxd4
Qxd4+ 34. c3 Qe5 35. Qxe5 Rxe5 36. fxg6 Ne6 37. Rg1 Ng7 38. Kc2 Kc7 39. Kd3 Kd7
40. Kd4 Rf5 41. Be2 Kd6 42. Rg3 Rf6 43. Rg5 c5+ 44. Kd3 b6 45. Bxh5 Nxh5 46.
Rxh5 Rxg6 47. c4 Rg3+ 48. Kc2 dxc4 49. Rh6+ Kd5 50. Rh5+ Kd4 51. Rh4+ Ke5 52.
Rxc4 Kd5 53. Rh4 a5 54. Rh5+ Kd4 55. Rh4+ Ke3 56. Kc3 b5 57. Rh5 Ke2+ 58. Kc2
b4 59. axb4 axb4 60. Re5+ Kf2 61. Rf5+ Kg2 62. Rxc5 Rxh3 63. Rc4 Rc3+ 64. Rxc3
bxc3 65. Kxc3 Kf3 66. Kc4 Kf4 67. Kc5 Ke5 68. Kc6 Kd4 69. b4 Kc4 70. b5 1-0

[Event "Kieler Open 2017-B"]
[Site "Kiel"]
[Date "2017.07.30"]
[Round "3.20"]
[White "Höfken, Fynn-Lukas"]
[Black "Rempe, Janne"]
[Result "0-1"]
[WhiteElo "792"]
[BlackElo "1237"]
[Annotator "MB"]
[PlyCount "88"]

1. e4 d6 2. Nc3 Nf6 3. Nf3 Nbd7 4. Bc4 e5 5. d3 Be7 6. Bg5 O-O 7. O-O Nc5 8.
Bxf6 Bxf6 9. Nd5 c6 10. Nxf6+ Qxf6 11. Qd2 a5 12. Qg5 Qxg5 13. Nxg5 b5 14. b4
Nd7 15. Bxf7+ Rxf7 16. Nxf7 Kxf7 17. bxa5 Rxa5 18. a3 Nc5 19. f4 exf4 20. Rxf4+
Kg8 21. d4 Ne6 22. Rg4 Nxd4 23. Rh4 Nxc2 24. Rc1 Nd4 25. Rd1 Ra4 26. Rd3 d5 27.
exd5 Ne2+ 28. Kf2 Rxh4 29. h3 Nf4 30. Rd4 cxd5 31. g3 Nxh3+ 32. Kg2 Rxd4 33.
Kf3 Rd3+ 34. Ke2 Rxa3 35. Kd2 b4 36. Kc2 d4 37. Kd2 b3 38. Kc1 d3 39. Kb2 d2
40. Kxa3 d1=Q 41. Kb4 Qc2 42. Ka3 Be6 43. Ka4 b2+ 44. Ka3 Qb3# 0-1

[Event "Kieler Open 2017-B"]
[Site "Kiel"]
[Date "2017.07.30"]
[Round "3.21"]
[White "Salwasser, Andrej"]
[Black "Harting-Maas, Daniel"]
[Result "0-1"]
[WhiteElo "1081"]
[BlackElo "1346"]
[Annotator "MB"]
[PlyCount "66"]

1. e4 e5 2. Nf3 Nc6 3. d4 d6 4. Bc4 f5 5. exf5 Bxf5 6. c3 Qe7 7. O-O O-O-O 8.
b4 Nf6 9. d5 Nb8 10. Na3 e4 11. Re1 Qd7 12. Nb5 c6 13. Nxa7+ Kc7 14. dxc6 bxc6
15. Nd4 d5 16. Be2 Bg4 17. Qa4 Bxe2 18. Rxe2 Re8 19. Bf4+ Bd6 20. Qa5+ Kb7 21.
Be3 Bxh2+ 22. Kh1 Ng4 23. Nb3 Nxe3 24. Nc5+ Ka8 25. Nxd7 Nxd7 26. Nxc6+ Kb7 27.
Qb5+ Kc7 28. Rxe3 Bf4 29. Re2 e3 30. fxe3 Bxe3 31. Qxd5 Rhf8 32. Na5 Rf6 33.
Rd1 Rh6+ 0-1

[Event "Kieler Open 2017-B"]
[Site "Kiel"]
[Date "2017.07.30"]
[Round "3.24"]
[White "Röhl, Manfred"]
[Black "Aden, Tönjes"]
[Result "1/2-1/2"]
[WhiteElo "1781"]
[BlackElo "1390"]
[Annotator "MB"]
[PlyCount "63"]

1. d4 Nf6 2. Nf3 g6 3. Nbd2 Bg7 4. e3 O-O 5. Bd3 d6 6. O-O Re8 7. e4 c5 8. dxc5
dxc5 9. Nb3 Qc7 10. Qe2 Bg4 11. Nbd2 Nc6 12. h3 Nd4 13. Qe3 Bxf3 14. Nxf3 e5
15. c3 Nxf3+ 16. Qxf3 c4 17. Bc2 Rad8 18. Be3 a6 19. Rad1 b5 20. Bg5 Rxd1 21.
Rxd1 Re6 22. Qe2 Rd6 23. Rxd6 Qxd6 24. Qd2 Qxd2 25. Bxd2 Bf8 26. g4 Bc5 27. Kg2
Kg7 28. Kg3 h6 29. f4 Nd7 30. Kf3 f6 31. Bd1 g5 32. f5 1/2-1/2

[Event "Kieler Open 2017-B"]
[Site "Kiel"]
[Date "2017.07.30"]
[Round "4.1"]
[White "Schwerdt, Alwin Elias"]
[Black "Gerigk, Daniel"]
[Result "1-0"]
[WhiteElo "1553"]
[BlackElo "1626"]
[Annotator "FS"]
[PlyCount "77"]

1. e4 e5 2. Nf3 Nc6 3. Bc4 Bc5 4. c3 Nf6 5. d3 h6 6. h3 Qe7 7. Nbd2 Na5 8. Bb3
Nxb3 9. Qxb3 O-O 10. Nf1 d5 11. Ng3 a5 12. O-O a4 13. Qc2 dxe4 14. dxe4 Rd8 15.
Bd2 b5 16. Rfe1 Rd6 17. Rad1 Nh7 18. Qc1 Rf6 19. Be3 Bxh3 20. Bxc5 Qxc5 21. Rd5
Qb6 22. Rxe5 Ng5 23. Rxg5 hxg5 24. Qxg5 Rg6 25. Qf4 Rg4 26. Qe5 f6 27. Qd5+ Kf8
28. Qxa8+ Ke7 29. Nf5+ Kf7 30. Qd5+ Kg6 31. N5h4+ Kh6 32. Qd2+ g5 33. Kh2 Kh5
34. gxh3 Rxh4 35. Nxh4 Kxh4 36. Qe2 Qe6 37. Qg4+ Qxg4 38. hxg4 Kxg4 39. e5 1-0

[Event "Kieler Open 2017-B"]
[Site "Kiel"]
[Date "2017.07.30"]
[Round "4.2"]
[White "Aden, Tönjes"]
[Black "Kreutz, Ralf"]
[Result "0-1"]
[WhiteElo "1390"]
[BlackElo "1666"]
[Annotator "FS"]
[PlyCount "118"]

1. e4 e5 2. f4 exf4 3. Nf3 Nf6 4. e5 Nd5 5. Bc4 Nb6 6. Bb3 d6 7. O-O Be7 8. d4
Nc6 9. Bxf4 O-O 10. c3 Bg4 11. Qd3 Bh5 12. Nbd2 Bg6 13. Qe3 Na5 14. exd6 cxd6
15. Bg3 Nxb3 16. axb3 Nd5 17. Qf2 Re8 18. Nh4 Bg5 19. Kh1 Bh5 20. Rae1 Ne3 21.
Rg1 Ng4 22. Rxe8+ Qxe8 23. Qf5 f6 24. Re1 Qf7 25. Ne4 Bxh4 26. Bxh4 Rd8 27. h3
Nh6 28. Qb5 b6 29. Bg3 d5 30. Nd6 Qd7 31. Qxd5+ Bf7 32. Qb5 Qxb5 33. Nxb5 a6
34. Na3 Bxb3 35. Bc7 Rd7 36. Bxb6 Nf5 37. Nb1 Nd6 38. Nd2 Bd5 39. Bc5 Nb7 40.
Ba3 Nd6 41. Bxd6 Rxd6 42. c4 Bf7 43. d5 g5 44. g4 Kg7 45. Kg2 h5 46. Kf3 hxg4+
47. hxg4 a5 48. Nb3 Rb6 49. Nxa5 Rxb2 50. Re2 Rb4 51. Rc2 Ra4 52. Nc6 Rxc4 53.
Rd2 Bxd5+ 54. Rxd5 Rxc6 55. Rf5 Rc1 56. Kf2 Rc3 57. Ke2 Rg3 58. Kf2 Rxg4 59.
Kf3 Ra4 0-1

[Event "Kieler Open 2017-B"]
[Site "Kiel"]
[Date "2017.07.30"]
[Round "4.3"]
[White "Bahr, Arne"]
[Black "Sowa, Kay"]
[Result "1/2-1/2"]
[WhiteElo "1667"]
[BlackElo "1713"]
[Annotator "FS"]
[PlyCount "38"]

1. f4 g6 2. Nf3 Bg7 3. e3 c5 4. Nc3 Nf6 5. Be2 O-O 6. O-O d5 7. Ne5 d4 8. Nb1
Qb6 9. Na3 Nbd7 10. Nac4 Qc7 11. exd4 cxd4 12. b3 b5 13. Nxd7 Nxd7 14. Nb2 Qb6
15. d3 Bb7 16. Bd2 Rac8 17. a4 a6 18. Bf3 Bxf3 19. Qxf3 Qc5 1/2-1/2

[Event "Kieler Open 2017-B"]
[Site "Kiel"]
[Date "2017.07.30"]
[Round "4.4"]
[White "Paolella, Finnley"]
[Black "Werner, René"]
[Result "1/2-1/2"]
[WhiteElo "1633"]
[BlackElo "1874"]
[Annotator "FS"]
[PlyCount "64"]

1. e4 c5 2. Nc3 d6 3. g3 Nf6 4. Bg2 g6 5. d3 Bg7 6. h3 Nc6 7. Be3 O-O 8. Qd2
Qa5 9. f4 e6 10. g4 Rd8 11. Nge2 d5 12. exd5 exd5 13. d4 cxd4 14. Nxd4 Re8 15.
O-O-O Ne4 16. Bxe4 dxe4 17. Nxc6 bxc6 18. Bd4 Bxd4 19. Qxd4 c5 20. Qa4 Qxa4 21.
Nxa4 c4 22. Rd4 f5 23. gxf5 Bxf5 24. h4 Rac8 25. Nc3 Kg7 26. Re1 Rc6 27. Re3
Kh6 28. Ne2 Kh5 29. Rd1 Bg4 30. Ng3+ Kh6 31. Rd4 Bf5 32. Kd2 Rb8 1/2-1/2

[Event "Kieler Open 2017-B"]
[Site "Kiel"]
[Date "2017.07.30"]
[Round "4.5"]
[White "Kathage, Holger"]
[Black "Fuhrmann, Bahne"]
[Result "1/2-1/2"]
[WhiteElo "1717"]
[BlackElo "1508"]
[Annotator "FS"]
[PlyCount "64"]

1. d4 Nf6 2. Nf3 c5 3. e3 cxd4 4. exd4 e6 5. Bd3 a6 6. O-O Qc7 7. Nbd2 b5 8. c3
d5 9. Ne5 Bd6 10. Ndf3 Nbd7 11. Qe2 Bb7 12. Nxf7 Kxf7 13. Ng5+ Ke8 14. Nxe6
Bxh2+ 15. Kh1 Qd6 16. Nc5+ Kf7 17. Nxb7 Qc7 18. Nc5 Nxc5 19. dxc5 Rhe8 20. Qf3
Be5 21. Be3 Rad8 22. Bd4 b4 23. Rfe1 bxc3 24. bxc3 a5 25. a4 Rb8 26. Bb5 Re7
27. Re3 Kg8 28. Rae1 Ne4 29. Rxe4 dxe4 30. Qxe4 Bxd4 31. Qxe7 Qxe7 32. Rxe7
Bxc5 1/2-1/2

[Event "Kieler Open 2017-B"]
[Site "Kiel"]
[Date "2017.07.30"]
[Round "4.6"]
[White "Schulze, Lukas"]
[Black "Jung, Ingo"]
[Result "1/2-1/2"]
[WhiteElo "1408"]
[BlackElo "1648"]
[Annotator "FS"]
[PlyCount "30"]

1. Nf3 Nf6 2. c4 e6 3. g3 b6 4. Bg2 Bb7 5. O-O c5 6. b3 Be7 7. Bb2 O-O 8. Qc2
Nc6 9. Ng5 Nb4 10. Qc3 Bxg2 11. Kxg2 d5 12. cxd5 Nbxd5 13. Qc2 Nb4 14. Qc3 Nbd5
15. Qc2 Nb4 1/2-1/2

[Event "Kieler Open 2017-B"]
[Site "Kiel"]
[Date "2017.07.30"]
[Round "4.7"]
[White "Ebeling, Hans-Jürgen"]
[Black "Günther, Emil"]
[Result "1/2-1/2"]
[WhiteElo "1584"]
[BlackElo "1610"]
[Annotator "FS"]
[PlyCount "66"]

1. e4 e5 2. Bc4 Nf6 3. d4 exd4 4. Nf3 Nc6 5. e5 d5 6. Bb5 Ne4 7. Nxd4 Bd7 8.
Bxc6 bxc6 9. O-O Be7 10. f3 Nc5 11. Be3 O-O 12. Nd2 Rb8 13. N2b3 Nb7 14. Rb1 c5
15. Ne2 d4 16. Bf2 Bf5 17. Ng3 Bg6 18. f4 Qd7 19. Qf3 Bxc2 20. Rbc1 Bxb3 21.
axb3 f5 22. Rfd1 Na5 23. Rd3 Qe6 24. Ra1 Nxb3 25. Rxa7 c4 26. Rd1 Qb6 27. Qd5+
Kh8 28. Ra2 Rbd8 29. Qxc4 c5 30. Ra6 Qb7 31. Rd3 Nc1 32. Rd1 Nb3 33. Rd3 Nc1
1/2-1/2

[Event "Kieler Open 2017-B"]
[Site "Kiel"]
[Date "2017.07.30"]
[Round "4.8"]
[White "van Foreest, Nanne"]
[Black "Viol, Joshua"]
[Result "1-0"]
[WhiteElo "1244"]
[BlackElo "1612"]
[Annotator "FS"]
[PlyCount "59"]

1. e4 e6 2. d4 d5 3. Nd2 Nf6 4. e5 Nfd7 5. Bd3 c5 6. Ne2 cxd4 7. Nxd4 Nxe5 8.
Bb5+ Bd7 9. Qe2 Nbc6 10. Nxc6 Nxc6 11. Bxc6 bxc6 12. c4 Be7 13. O-O Bf6 14.
cxd5 cxd5 15. Nf3 O-O 16. Ne5 Rb8 17. Nxd7 Qxd7 18. Rb1 Rfc8 19. Bf4 Rb4 20.
Be5 Bxe5 21. Qxe5 Rc2 22. Rfc1 Qc8 23. Qe1 Rbxb2 24. Rxc2 Qxc2 25. Rc1 Rxa2 26.
Rxc2 Rxc2 27. h3 Rc7 28. Qa5 Rd7 29. Qc5 g6 30. Qc8+ 1-0

[Event "Kieler Open 2017-B"]
[Site "Kiel"]
[Date "2017.07.30"]
[Round "4.9"]
[White "Zielke, Bernd"]
[Black "Zechel, Rolf-Rüdiger"]
[Result "1-0"]
[WhiteElo "1686"]
[BlackElo "1707"]
[Annotator "FS"]
[PlyCount "81"]

1. e4 c5 2. c3 Nc6 3. Nf3 g6 4. Be2 Bg7 5. O-O d5 6. exd5 Qxd5 7. d3 Nf6 8. Re1
O-O 9. Na3 a6 10. Nc4 Qd8 11. Ne3 b5 12. g3 Bb7 13. Qc2 Rc8 14. Rd1 Qc7 15. Ng2
e5 16. Nfe1 Rfe8 17. Bf3 Qe7 18. Bg5 h6 19. Bxf6 Bxf6 20. Ne3 Nd4 21. cxd4 cxd4
22. Qe2 dxe3 23. fxe3 e4 24. dxe4 Bxe4 25. Bxe4 Qxe4 26. Rd3 Qe5 27. Rb1 Rcd8
28. Rxd8 Bxd8 29. Ng2 Bb6 30. Re1 f5 31. b3 g5 32. Kf1 Kg7 33. Qd2 Kg6 34. Re2
Re6 35. Kf2 f4 36. Qd3+ Kf6 37. Qh7 fxe3+ 38. Kf1 Qa1+ 39. Ne1 Ke5 40. Kg2 Qd4
41. Nf3+ 1-0

[Event "Kieler Open 2017-B"]
[Site "Kiel"]
[Date "2017.07.30"]
[Round "4.10"]
[White "Hogreve, Holger"]
[Black "Koch, Ralf-Johannes"]
[Result "0-1"]
[WhiteElo "1496"]
[BlackElo "1787"]
[Annotator "FS"]
[PlyCount "112"]

1. Nf3 Nf6 2. d4 g6 3. Bg5 Bg7 4. Bxf6 Bxf6 5. e4 d6 6. Bc4 O-O 7. O-O c6 8. c3
Nd7 9. Nbd2 Qc7 10. Re1 e5 11. d5 Nb6 12. dxc6 bxc6 13. Bb3 Bg4 14. h3 Bc8 15.
Nc4 Nxc4 16. Bxc4 Bb7 17. Qd3 Rad8 18. Qc2 d5 19. exd5 cxd5 20. Bb3 d4 21. Nh2
dxc3 22. Rad1 Qc6 23. f3 Rxd1 24. Rxd1 cxb2 25. Qxb2 e4 26. Qc2 Qb6+ 27. Kh1
Rc8 28. Qe2 exf3 29. Nxf3 Rd8 30. Re1 Bc6 31. Qe3 Qb7 32. Qf4 Kg7 33. Kh2 Bxf3
34. Qxf3 Qxf3 35. gxf3 Bh4 36. Re2 f5 37. Rc2 Rd7 38. Rc4 Rd2+ 39. Kg1 Bf2+ 40.
Kf1 Bb6 41. Rc2 Rd1+ 42. Kg2 Re1 43. Rd2 Kf6 44. Kg3 f4+ 45. Kg2 Rg1+ 46. Kh2
Rg3 47. Rg2 Rxf3 48. Rc2 Kg5 49. Kg2 Rg3+ 50. Kh2 Bg1+ 51. Kh1 f3 52. Rc3 Bd4
53. Rd3 Rg1+ 54. Kh2 f2 55. Rg3+ Rxg3 56. Bc4 Rg1 0-1

[Event "Kieler Open 2017-B"]
[Site "Kiel"]
[Date "2017.07.30"]
[Round "4.11"]
[White "Solodky, Willy"]
[Black "Gerull, Dirk"]
[Result "0-1"]
[WhiteElo "1395"]
[BlackElo "1558"]
[Annotator "FS"]
[PlyCount "89"]

1. d4 d5 2. c4 c6 3. Nf3 Bf5 4. Nc3 e6 5. e3 Nf6 6. Be2 Qc7 7. Ne5 Nbd7 8. f4
h6 9. c5 b6 10. g4 Be4 11. Rg1 bxc5 12. dxc5 Nxe5 13. Nxe4 Nxe4 14. fxe5 Bxc5
15. Bd2 Qb6 16. Qb3 Qxb3 17. axb3 Rb8 18. Bd1 O-O 19. Rf1 Bb6 20. Ke2 f6 21.
exf6 Rxf6 22. Rxf6 Nxf6 23. h3 Rf8 24. Bc2 e5 25. b4 e4 26. Rf1 Nd7 27. Rf4 Ne5
28. Rxf8+ Kxf8 29. Bc3 Nf3 30. Kf2 Ng5 31. h4 Ne6 32. Ke2 Ke7 33. Be5 Kf7 34.
Bc3 a6 35. b3 Bd8 36. h5 Bf6 37. Kd2 Ng5 38. Bd1 Nf3+ 39. Bxf3 Bxc3+ 40. Kxc3
exf3 41. Kd2 Ke6 42. Ke1 Ke5 43. Kf1 Ke4 44. Kf2 d4 45. exd4 0-1

[Event "Kieler Open 2017-B"]
[Site "Kiel"]
[Date "2017.07.30"]
[Round "4.12"]
[White "Müller, Bodo"]
[Black "Rempe, Mieke"]
[Result "1-0"]
[WhiteElo "1449"]
[BlackElo "1393"]
[Annotator "FS"]
[PlyCount "41"]

1. e4 e5 2. Nf3 Nc6 3. Bc4 Nf6 4. Ng5 d5 5. exd5 Na5 6. Bb5+ c6 7. dxc6 bxc6 8.
Be2 h6 9. Nf3 Bd6 10. d3 O-O 11. Nc3 Re8 12. Ne4 Bf5 13. Nfd2 Qd7 14. Nxf6+
gxf6 15. Ne4 Bxe4 16. dxe4 Kh7 17. Bg4 Qe7 18. Bf5+ Kg7 19. Qg4+ Kh8 20. Qh5
Bb4+ 21. c3 1-0

[Event "Kieler Open 2017-B"]
[Site "Kiel"]
[Date "2017.07.30"]
[Round "4.14"]
[White "Salwasser, Christian"]
[Black "Möller, Rainer"]
[Result "1/2-1/2"]
[WhiteElo "1658"]
[BlackElo "1414"]
[Annotator "FS"]
[PlyCount "54"]

1. e4 c5 2. Nf3 d6 3. d4 cxd4 4. Nxd4 Nc6 5. Be3 Nf6 6. f3 e6 7. Qd2 Be7 8. Nc3
O-O 9. O-O-O a6 10. g4 Nxd4 11. Bxd4 e5 12. Be3 Be6 13. h4 Qa5 14. h5 h6 15. g5
Nh7 16. gxh6 g6 17. Qg2 g5 18. Rxd6 Rad8 19. Rxd8 Rxd8 20. a3 f6 21. Bd3 Bxa3
22. bxa3 Qxc3 23. Kd1 Bc4 24. Qd2 Qa1+ 25. Ke2 Bxd3+ 26. Qxd3 Rxd3 27. Rxa1 Rd7
1/2-1/2

[Event "Kieler Open 2017-B"]
[Site "Kiel"]
[Date "2017.07.30"]
[Round "4.15"]
[White "Voges, Jens Christian"]
[Black "Dao, Joerg"]
[Result "0-1"]
[WhiteElo "1250"]
[BlackElo "1489"]
[Annotator "FS"]
[PlyCount "114"]

1. e4 e5 2. d4 exd4 3. Qxd4 Nc6 4. Qd1 h6 5. Nf3 d6 6. Bb5 Bd7 7. Nc3 a6 8.
Bxc6 Bxc6 9. O-O Ne7 10. Be3 Ng6 11. Re1 f6 12. a3 b5 13. h3 h5 14. Nd5 Bd7 15.
Qd2 Be6 16. b4 Rb8 17. Rac1 c6 18. Nf4 Nxf4 19. Bxf4 g5 20. Bh2 g4 21. Nd4 Bd7
22. Nf5 Bxf5 23. exf5+ Kf7 24. Rcd1 gxh3 25. gxh3 Rg8+ 26. Kh1 Rb7 27. Bxd6 Rd7
28. Re6 Bxd6 29. Rxd6 Rxd6 30. Qxd6 Qxd6 31. Rxd6 Rc8 32. Kg2 c5 33. c3 cxb4
34. cxb4 Ra8 35. Kf3 a5 36. Rb6 axb4 37. axb4 Ra3+ 38. Kg2 Kg7 39. Rxb5 h4 40.
Rc5 Kh6 41. Rc6 Kg5 42. Rc5 Ra4 43. Rb5 Ra3 44. Ra5 Rb3 45. Rb5 Kf4 46. Kh2 Ke4
47. Kg2 Rf3 48. Ra5 Rb3 49. Rb5 Kf4 50. Kh2 Rb2 51. Kg2 Ke4 52. Rb6 Kxf5 53.
Kf3 Rb3+ 54. Kg2 Kg5 55. f4+ Kf5 56. Kh2 Rf3 57. Kg2 Rxf4 0-1

[Event "Kieler Open 2017-B"]
[Site "Kiel"]
[Date "2017.07.30"]
[Round "4.16"]
[White "Harting-Maas, Daniel"]
[Black "Howe, Dietrich"]
[Result "0-1"]
[WhiteElo "1346"]
[BlackElo "1508"]
[Annotator "FS"]
[PlyCount "70"]

1. e4 c5 2. Nc3 e6 3. Bb5 a6 4. Ba4 b5 5. d3 bxa4 6. Nxa4 Nc6 7. Be3 Qa5+ 8.
Nc3 Rb8 9. Bc1 Nf6 10. Nf3 Nd4 11. O-O d6 12. Re1 Nc6 13. Ne2 Be7 14. Bd2 Qc7
15. h3 O-O 16. Qc1 d5 17. Bf4 e5 18. Bg3 dxe4 19. Nd2 Bf5 20. d4 cxd4 21. Nf1
Nb4 22. c3 Nd3 23. Qc2 Nxe1 24. Rxe1 Rfc8 25. Rc1 d3 26. Qd2 dxe2 27. Qxe2 Rd8
28. Ne3 Be6 29. Qxa6 Ra8 30. Qe2 Rxa2 31. c4 Qb8 32. Nd1 Bb4 33. c5 Rd2 34. Qe3
Rd3 35. Qe2 Ba3 0-1

[Event "Kieler Open 2017-B"]
[Site "Kiel"]
[Date "2017.07.30"]
[Round "4.17"]
[White "Weck, Uwe"]
[Black "Schwerdt, Karsten"]
[Result "1-0"]
[WhiteElo "1618"]
[BlackElo "951"]
[Annotator "FS"]
[PlyCount "54"]

1. e4 e5 2. Nf3 d6 3. Bc4 Be7 4. O-O Bg4 5. Nc3 Nf6 6. Re1 O-O 7. a3 Nbd7 8. b4
Nh5 9. d3 Be6 10. Nd5 Bf6 11. Nxf6+ Ndxf6 12. Ba2 Bxa2 13. Rxa2 d5 14. Nxe5
dxe4 15. d4 Qe7 16. g4 Qe6 17. c4 Nxg4 18. Qxg4 Nf6 19. Qxe6 fxe6 20. h3 a6 21.
Kh2 c6 22. Rg1 Rad8 23. Be3 Rfe8 24. Rd2 Re7 25. Bg5 Rf8 26. Ng4 Ref7 27. Bxf6
gxf6 1-0

[Event "Kieler Open 2017-B"]
[Site "Kiel"]
[Date "2017.07.30"]
[Round "4.18"]
[White "Stegert, Jonas"]
[Black "Mandelkow, Lukas"]
[Result "1-0"]
[WhiteElo "1320"]
[BlackElo "1240"]
[Annotator "FS"]
[PlyCount "79"]

1. e4 e5 2. Nf3 Nc6 3. Bc4 Nf6 4. Ng5 d5 5. exd5 Na5 6. Bb5+ Bd7 7. Qe2 Bxb5 8.
Qxb5+ Nd7 9. d4 Be7 10. Nxf7 Kxf7 11. Qxa5 Nb6 12. dxe5 Nxd5 13. Nc3 Nb4 14.
Qa4 Re8 15. Qb3+ Kf8 16. a3 Nc6 17. e6 Nd4 18. Qa4 Nxe6 19. O-O Nd4 20. Be3 c5
21. Rad1 Bf6 22. Rfe1 a6 23. Qc4 Rc8 24. Qd3 g6 25. Ne4 c4 26. Qf1 Bg7 27. Bxd4
Bxd4 28. c3 Qb6 29. Rxd4 Qxb2 30. Rb1 Qxa3 31. Nd6 Qxc3 32. Rbd1 Rcd8 33. Rxc4
Qe5 34. Nxe8 Rxe8 35. Rcd4 b5 36. f3 a5 37. Re4 Qb8 38. Rxe8+ Qxe8 39. Qe1 Qb8
40. Qxa5 1-0

[Event "Kieler Open 2017-B"]
[Site "Kiel"]
[Date "2017.07.30"]
[Round "4.19"]
[White "Rempe, Janne"]
[Black "Steinbach, Julian"]
[Result "0-1"]
[WhiteElo "1237"]
[BlackElo "1274"]
[Annotator "FS"]
[PlyCount "74"]

1. d4 Nf6 2. Nf3 d5 3. Bf4 Bf5 4. c3 e6 5. e3 Bd6 6. Bg3 Nbd7 7. Nbd2 O-O 8.
Be2 Qe7 9. O-O c5 10. b3 Rac8 11. Nh4 Bg6 12. Ndf3 Ne4 13. Rc1 Bxg3 14. fxg3
Ndf6 15. Ne5 Nd7 16. Nxd7 Qxd7 17. Bf3 Nd6 18. dxc5 Rxc5 19. Qd4 Rfc8 20. b4
Rc4 21. Qxa7 Be4 22. Bxe4 Nxe4 23. Nf3 f6 24. Rfd1 Nxc3 25. Rxc3 Rxc3 26. e4
Rc1 27. Qd4 Qc6 28. Kf2 Rxd1 29. Qxd1 Qc2+ 30. Qe2 Qxe4 31. Qxe4 dxe4 32. Nd4
Kf7 33. Ke3 f5 34. Nb5 Ke7 35. Nd4 Rc4 36. b5 Ra4 37. Kf4 Rxd4 0-1

[Event "Kieler Open 2017-B"]
[Site "Kiel"]
[Date "2017.07.30"]
[Round "4.20"]
[White "Limper, Cornelia"]
[Black "Keir, Robin"]
[Result "0-1"]
[WhiteElo "1295"]
[BlackElo "1594"]
[Annotator "FS"]
[PlyCount "76"]

1. d4 d5 2. Bf4 Nf6 3. e3 c5 4. c3 Nc6 5. Nf3 Qb6 6. Qc1 Bf5 7. Nbd2 e6 8. Ne5
Be7 9. Be2 O-O 10. h3 Rac8 11. O-O h6 12. Bh2 Qd8 13. Qd1 cxd4 14. exd4 Nxe5
15. Bxe5 Ne4 16. Nxe4 Bxe4 17. Bd3 Bxd3 18. Qxd3 Bd6 19. Rfe1 Qd7 20. Re3 f6
21. Bxd6 Qxd6 22. Qg6 Rc7 23. Rg3 b5 24. Qxh6 Qxg3 25. Qd2 Qg6 26. Qe2 Kf7 27.
g4 a6 28. a3 Rh8 29. Kg2 Qe4+ 30. Qxe4 dxe4 31. Kg3 f5 32. gxf5 exf5 33. h4 Kf6
34. Rh1 g6 35. Rh3 Rch7 36. b3 g5 37. hxg5+ Kxg5 38. f4+ exf3 0-1

[Event "Kieler Open 2017-B"]
[Site "Kiel"]
[Date "2017.07.30"]
[Round "4.24"]
[White "Plichta, Hans-Reiner"]
[Black "Röhl, Manfred"]
[Result "1-0"]
[WhiteElo "1837"]
[BlackElo "1781"]
[Annotator "FS"]
[PlyCount "55"]

1. d4 d5 2. c4 c6 3. Nf3 e6 4. g3 f5 5. cxd5 exd5 6. Bg2 Nf6 7. Bg5 Be7 8. Nc3
O-O 9. Ne5 Nbd7 10. Nd3 Re8 11. O-O Nf8 12. Nf4 h6 13. Bxf6 Bxf6 14. e3 Rb8 15.
Rc1 Bg5 16. Re1 Nh7 17. Ng6 Qd6 18. Ne5 Bd8 19. Qh5 Qf8 20. Nxd5 Rxe5 21. dxe5
cxd5 22. Bxd5+ Kh8 23. h4 Bd7 24. Qg6 b5 25. Qf7 Be8 26. Qxa7 Rb6 27. Rc8 Bh5
28. Qa8 1-0

[Event "Kieler Open 2017-B"]
[Site "Kiel"]
[Date "2017.07.31"]
[Round "5.1"]
[White "Kreutz, Ralf"]
[Black "Plichta, Hans-Reiner"]
[Result "1-0"]
[WhiteElo "1666"]
[BlackElo "1837"]
[Annotator "FS"]
[PlyCount "61"]

1. e4 c5 2. Nc3 Nc6 3. f4 e6 4. Nf3 d6 5. Bb5 a6 6. Bxc6+ bxc6 7. O-O Nf6 8. d3
Be7 9. Qe1 Rb8 10. Rb1 h6 11. Qg3 Nh5 12. Qg4 g6 13. e5 d5 14. Ne2 Ng7 15. Qg3
Qb6 16. Kh1 a5 17. Qf2 Ba6 18. Be3 Nf5 19. Bd2 d4 20. Ng3 Bh4 21. Nxh4 Nxh4 22.
Ne4 Nf5 23. g4 Ne7 24. Nd6+ Kf8 25. f5 exf5 26. gxf5 Nxf5 27. Nxf5 gxf5 28.
Qxf5 Qc7 29. Qf6 Rh7 30. e6 Rb7 31. exf7 1-0

[Event "Kieler Open 2017-B"]
[Site "Kiel"]
[Date "2017.07.31"]
[Round "5.2"]
[White "Sowa, Kay"]
[Black "Schwerdt, Alwin Elias"]
[Result "1/2-1/2"]
[WhiteElo "1713"]
[BlackElo "1553"]
[Annotator "FS"]
[PlyCount "41"]

1. d4 d5 2. Bf4 Nf6 3. e3 Bf5 4. c4 c6 5. Qb3 Qd7 6. Nc3 e6 7. Nf3 Be7 8. Ne5
Qc8 9. Rc1 O-O 10. Be2 Nbd7 11. O-O Nxe5 12. Bxe5 Qd7 13. f3 dxc4 14. Bxc4 Nd5
15. Bxd5 exd5 16. e4 dxe4 17. fxe4 Bg6 18. d5 cxd5 19. exd5 Bc5+ 20. Kh1 f6 21.
Bg3 1/2-1/2

[Event "Kieler Open 2017-B"]
[Site "Kiel"]
[Date "2017.07.31"]
[Round "5.3"]
[White "Gerigk, Daniel"]
[Black "van Foreest, Nanne"]
[Result "1-0"]
[WhiteElo "1626"]
[BlackElo "1244"]
[Annotator "FS"]
[PlyCount "69"]

1. e4 e5 2. Nf3 Nc6 3. Bb5 a6 4. Ba4 Nf6 5. O-O b5 6. Bb3 Nxe4 7. d4 d5 8. dxe5
Be6 9. c3 Bc5 10. Nbd2 Nxd2 11. Bxd2 Bg4 12. Re1 O-O 13. Bg5 Bxf3 14. Bxd8 Bxd1
15. Raxd1 Raxd8 16. Rxd5 Rxd5 17. Bxd5 Ne7 18. Bb7 b4 19. cxb4 Bxb4 20. Re4 Bc5
21. Bxa6 Ra8 22. Bc4 Ra4 23. Bxf7+ Kxf7 24. Rxa4 Ke6 25. Rc4 Kd5 26. b3 Bb6 27.
a4 Kxe5 28. a5 Bd4 29. Rxc7 Nd5 30. Rxg7 Nf6 31. b4 Ne4 32. a6 Bxf2+ 33. Kf1
Kf6 34. Rxh7 Kg6 35. Re7 1-0

[Event "Kieler Open 2017-B"]
[Site "Kiel"]
[Date "2017.07.31"]
[Round "5.4"]
[White "Kathage, Holger"]
[Black "Zielke, Bernd"]
[Result "0-1"]
[WhiteElo "1717"]
[BlackElo "1686"]
[Annotator "FS"]
[PlyCount "82"]

1. d4 f5 2. Nf3 d6 3. g3 c6 4. Bg2 g6 5. O-O Nf6 6. Nbd2 Bg7 7. Re1 O-O 8. c3
Qc7 9. Qb3+ e6 10. Ng5 d5 11. Ngf3 Ne4 12. Nxe4 fxe4 13. Ng5 h6 14. Nh3 Kh7 15.
Bf4 e5 16. Bxe5 Bxe5 17. dxe5 Qxe5 18. f4 Qc7 19. e3 Na6 20. Nf2 Be6 21. Bxe4
Nc5 22. Bxg6+ Kxg6 23. Qb4 b6 24. Qd4 Qg7 25. Rad1 Qxd4 26. exd4 Ne4 27. Nxe4
dxe4 28. Rxe4 Bd5 29. Re5 Rae8 30. b3 Rxe5 31. dxe5 Kf5 32. h3 h5 33. Kf2 b5
34. Rd2 h4 35. g4+ Kxf4 36. e6 Ke5+ 37. Ke1 Kxe6 38. Re2+ Kd6 39. Re3 Rf3 40.
Ke2 Rxe3+ 41. Kxe3 Ke5 0-1